000 00461nam a2200181Ia 4500
001 3318
005 20260306145634.0
008 260306t2008||||xx |||||||||||||| ||spa||
041 _aESP
082 _a269.45
_bV64
100 _aViguera Franco, Valentín
_eAUT
245 0 _aSan Francisco de Sales:
_bamable y paciente director de almas
260 _c2008
300 _a291 páginas :
_c22 cm.
650 _aGEN
654 _aCHU
942 _cLIB
_dJUS
_fJUS
_2ddc
_n
999 _c3318
_d3318